Normal view MARC view
  • Trueba Urbina, Alberto,

Entry Nombre Personal

Number of records used in: 7

001 - NUMERO DE CONTROL

  • campo de control: 30577

003 - IDENTIFICADOR DE NUMERO DE CONTROL

  • campo de control: UPN

005 - FECHA Y HORA DE LA ÜLTIMA TRANSACCIÓN

  • campo de control: 20210219194415.0

008 - DATOS DE LONGITUD FIJA

  • campo de control de longitud fija: nabaccnnaabn|||||||||| b |nc|||||d

035 ## - NUMERO DE CONTROL

  • Número de control: UPN11000002683

040 ## - FUENTE DE CATALOGACIÓN

  • Lenguaje de catalogación: SPA
  • Agencia de transcripción: UPN

100 1# - ENCABEZAMIENTO - NOMBRE PERSONAL

  • Nombre personal: Trueba Urbina, Alberto,
  • Fechas asociadas con el nombre: 1906-1984

670 ## - FUENTE EN LA QUE SE LOCALIZARON DATOS

  • Cita de la fuente: T
  • Uniform Resource Identifier: http://cmultimedios.ulsa.edu.mx/asp/glQuery.asp?buscable=S&authors=TRUEBA%20URBINA,%20ALBERTO,%201906-1984%20&skin=bool

902 ## - CATALOGADOR

  • Catalogador: CAA/241110